|
|
|
|
| LEADER |
00000nam a2200000 a 4500 |
| 001 |
vtls001317481 |
| 003 |
SK-MaSNL |
| 005 |
20260301114044.0 |
| 008 |
240315s1987 xr 0 und |
| 035 |
|
|
|a SNK000270004
|
| 040 |
|
|
|a SNK
|b slo
|c SNK
|e AACR2
|
| 044 |
|
|
|a xr
|c CZ
|
| 100 |
1 |
|
|a Haas, Felix
|4 aut
|9 283051
|
| 245 |
1 |
|
|a Vývoj architektúry a umění ve středověku
|
| 260 |
|
|
|a Brno
|b VUT
|c 1987
|
| 300 |
|
|
|a 113 s.
|
| 958 |
|
|
|a OND
|
| 999 |
|
|
|c 716898
|d 718828
|
| 952 |
|
|
|t P60, <04>, [BOOK], {604}
|a SNK
|b SNK
|y VYP
|7 0
|p 17A0119766
|o snkIB 59709 D1
|0 0
|1 1
|4 0
|d 1998-01-22
|l 0
|r 2005-01-02 00:00:00
|w 2026-02-23
|
| 952 |
|
|
|t P60, <04>, [BOOK], {604}
|a SNK
|b SNK
|y VYP
|7 0
|p 17A0240931
|o snkIB 59709
|0 0
|1 0
|4 0
|d 2001-02-03
|l 0
|r 2005-01-02 00:00:00
|w 2026-02-23
|